• 首页
  • 本馆介绍
  • 公告通知
  • 最新文献
  • 馆藏检索
  • 电子资源
  • 读者导购
  • 参考咨询
  • 我的图书馆
  • 登录
  • 详细信息显示
  • 放入我的书架
  • 预约/预借图书
  • 作者相关作品
  • 分类相关作品
  • 丛书相关作品
  • 出版社相关作品

书目信息

  • 表格格式
  • 工作单格式
  • 卡片格式
题名:
生物化学与分子生物学实验教程
    
 
作者: 黄东爱 主编
分册:  
出版信息: 杭州   浙江大学出版社  2013.06
页数: 145页
开本: 26cm
丛书名:
单 册:
中图分类: Q5-33 , Q7-33
科图分类:
主题词: 生物化学--sheng wu hua xue--实验--医学院校--教材 , 分子生物学--fen zi sheng wu xue--实验--医学院校--教材 , 生物化学--sheng wu hua xue , 分子生物学--fen zi sheng wu xue
电子资源:
ISBN: 978-7-308-11583-4
000 01574nam0 2200313 450
001 0106081848
005 20201106082046.0
010    @a978-7-308-11583-4@dCNY20.00
100    @a20140429e20192013em y0chiy50 ea
101 0  @achi
102    @aCN@b330000
105    @aa z 000yy
106    @ar
200 1  @a生物化学与分子生物学实验教程@Asheng wu hua xue yu fen zi sheng wu xue shi yan jiao cheng@f黄东爱主编
210    @a杭州@c浙江大学出版社@d2013.06@h2019.08
215    @a145页@c图@d26cm
300    @a高等院校临床医学专业实践类教材系列国家级特色专业建设项目国家级实验教学示范中心建设成果
312    @a封面英文题名:Experiments of biochemistry and molecular biology
330    @a本书以生物化学与分子生物学常用实验技术为主要内容,以方法学为主,系统地介绍了当今生命科学领域常用技术的原理、实验操作步骤、影响因素及应用等;同时,依据“模块化、系统化”的课程改革思路,将教材分为以光谱、电泳、色谱、蛋白质分析技术、酶学技术为代表的生物化学实验技术和以核酸分离纯化、核酸鉴定分析为主要内容的分子生物学技术两大部分,并安排了20个实验,内容涵盖了蛋白质化学、核酸化学、酶学、维生素、糖代谢、脂类代谢、分子生物学等不同方面。
510 1  @aExperiments of biochemistry and molecular biology@zeng
606 0  @a生物化学@Asheng wu hua xue@x实验@x医学院校@j教材
606 0  @a分子生物学@Afen zi sheng wu xue@x实验@x医学院校@j教材
606 0  @a生物化学@Asheng wu hua xue
606 0  @a分子生物学@Afen zi sheng wu xue
690    @aQ5-33@v5
690    @aQ7-33@v5
701  0 @a黄东爱@Ahuang dong ai@4主编
801  0 @aCN@bBJSZM@c20201106
905    @b1193304-7@dQ5-33@e298@f4
    
    生物化学与分子生物学实验教程/黄东爱主编.-杭州:浙江大学出版社,2013.06(2019.08)
    145页:图;26cm
    高等院校临床医学专业实践类教材系列国家级特色专业建设项目国家级实验教学示范中心建设成果
    
    ISBN 978-7-308-11583-4:CNY20.00
    本书以生物化学与分子生物学常用实验技术为主要内容,以方法学为主,系统地介绍了当今生命科学领域常用技术的原理、实验操作步骤、影响因素及应用等;同时,依据“模块化、系统化”的课程改革思路,将教材分为以光谱、电泳、色谱、蛋白质分析技术、酶学技术为代表的生物化学实验技术和以核酸分离纯化、核酸鉴定分析为主要内容的分子生物学技术两大部分,并安排了20个实验,内容涵盖了蛋白质化学、核酸化学、酶学、维生素、糖代谢、脂类代谢、分子生物学等不同方面。
●
相关链接 在E读中查询图书 在五车中查询图书 在当当中查询图书 在豆瓣中查询图书


正题名:生物化学与分子生物学实验教程     索取号:Q5-33/298         预约/预借

序号 登录号 条形码 馆藏地/架位号 状态 备注
1 1193304   211933041   第二样本阅览室/ [索取号:Q5-33/298] 在馆    
2 1193305   211933050   第三借阅区/ [索取号:Q5-33/298] 在馆    
3 1193306   211933069   第三借阅区/ [索取号:Q5-33/298] 在馆    
4 1193307   211933078   第三借阅区/ [索取号:Q5-33/298] 在馆    
唐山师范学院图书馆 欢迎您!
大连网信软件有限公司© 版权所有